000 00343 a2200157 4500
001 73607
020 _a85-88543-26-5
040 _cAnchieta - Colégio São Paulo
100 _aAgualusa, José Eduardo
240 1 0 _aA Conjura
_lpor
245 1 0 _aA Conjura
300 _a167
362 0 _a2004
650 4 _aFicção portuguesa
942 _cBK
999 _c73607
_d73607